NFL City by Mascot - Statistics

General Stats
  • This quiz has been taken 182 times
  • The average score is 23 of 30
Answer Stats
Hint Answer % Correct
Cowboys Dallas
88%
Giants, Jets New York
85%
Jaguars Jacksonville
84%
Dolphins Miami
84%
Vikings Minneapolis
83%
Eagles Philadelphia
83%
Ravens Baltimore
82%
Packers Green Bay
81%
Bears Chicago
80%
Lions Detroit
80%
Chiefs Kansas City
80%
Bills Buffalo
79%
Broncos Denver
79%
Texans Houston
79%
Saints New Orleans
79%
Steelers Pittsburgh
79%
Seahawks Seattle
79%
Raiders Las Vegas
78%
Chargers, Rams Los Angeles
78%
49ers San Francisco
78%
Falcons Atlanta
77%
Commanders Washington D.C.
76%
Bengals Cincinnati
75%
Buccaneers Tampa
75%
Browns Cleveland
74%
Colts Indianapolis
74%
Titans Nashville
72%
Cardinals Phoenix
72%
Patriots Boston
67%
Panthers Charlotte
67%
No matching quizzes found
Score Distribution
Percent of People with Each Score
Percentile by Number Answered
Your Score History
You have not taken this quiz